000 00289pab a2200121 454500
008 180718b xxu||||| |||| 00| 0 eng d
100 _aJha, Prem Shankar
245 _aEarth Summit: new threat to South
650 _a Earth Summit
650 _aEnvironment
773 _aHindu
909 _a21737
999 _c21737
_d21737